LEADER 01032nam a2200265 a 4500 001 000000126694 003 CaOOAMICUS 005 20111025150002.0 008 111025s2011 it u000 u ita r 020 $a978-88-13-30862-9 040 $aPUL$bita 082 04$a342.06 100 1 $aTanda, Paolo.$0(OLS)http://pul/name/80777 245 10$aElementi di giustizia amministrativa /$cPaolo Tanda. 260 $aPadova :$bCEDAM,$c2011. 300 $aXIII, 527 p. ;$c24 cm 650 4$aProcedimento amministrativo.$0(OLS)http://pul/subject/38287 850 $aPUL 852 $aPUL$W1$xSL Diritto e Scienze Sociali 3$y79$m342. 06 TANPA 1$j146489$qDDC 21$B145196$CPULBib$Z2$F145196 $H118264 $82 941 1 $a9 996 $6020$a978-88-13-30862-9$9(OLS)http://pul/number/148254 996 $6082$a342.06$9(OLS)http://pul/classification/1891 996 $6245$aElementi di giustizia amministrativa$9(OLS)http://pul/title/160032 996 $6260$aPadova :$bCEDAM$9(OLS)http://pul/publisher/48126 LEADER 01449nam a2200349 a 4500 001 000000127391 003 CaOOAMICUS 005 20120130114506.0 008 120130s2011 it u001 u ita r 020 $a978-88-452-6921-9 040 $aPUL$bita 041 1 $aita$hgrc 100 0 $aAristoteles,$d384-322 a.C.$0(OLS)http://pul/name/792 245 10$aFisica /$cAristotele ; introduzione, traduzione, note e apparati di Roberto Radice ; appendice bibliografica e lessicografica di Lucia Palpacelli. 260 $aMilano :$bBompiani,$c©2011. 300 $a1134 p. ;$c22 cm 490 1 $aBompiani Il pensiero occidentale 504 $aContiene riferimenti bibliografici ed indici. 546 $aTesto greco a fronte. 700 1 $aRadice, Roberto.$0(OLS)http://pul/name/1240 700 1 $aPalpacelli, Lucia.$0(OLS)http://pul/name/72223 830 0$aBompiani Il pensiero occidentale.$0(OLS)http://pul/title/99836 850 $aPUL 852 $aPUL$W1$xSL Filosofia 3$y81$m190 COLL 2.149$j147377$qDDC 21$B146011$CPULBib$Z2$F146011 $H118608 $81 900 $aAristotle,$d 384-322 a.C.$9792 900 $aAristotele,$d384-322 a.C.$9792 941 1 $a9 983 3$aIl pensiero occidentale (Bompiani) 996 $6020$a978-88-452-6921-9$9(OLS)http://pul/number/148726 996 $6245$aFisica$9(OLS)http://pul/title/65440 996 $6260$aMilano :$bBompiani$9(OLS)http://pul/publisher/48240 LEADER 02171nam a2200373 u 4500 001 000000035078 003 CaOOAMICUS 005 20070226112538.0 008 980218s1968 it u000 u ita u 035 $a10783169 040 $aPUL(R)$bita 110 1 $aSanta Sede.$0(OLS)http://pul/name/987 240 10$aTrattati, ecc.$9(Santa Sede).$gItalia,$811 feb. 1929.$0(OLS)http://pul/title/32242 245 10$aAtti della Commissione mista dei delegati della Santa Sede e del governo italiano per predisporre l'esecuzione del Concordato (11 aprile-25 novembre 1929) e altri documenti connessi /$cpubblicati a cura di Pio Ciprotti. 260 $aMilano :$bGiuffrè,$c1968. 300 $a225 p. ;$c25 cm 490 1 $aUniversità degli studi di Camerino. Istituto giuridico. Testi per esercitazioni. Sezione 15 ;$v3 500 $aContiene indici. 610 14$aSanta Sede.$0(OLS)http://pul/subject/2737 650 4$aConcordati$zItalia$y1929.$0(OLS)http://pul/subject/1272 700 1 $aCiprotti, Pio,$d1914-1993.$0(OLS)http://pul/name/1280 710 1 $aItalia.$tTrattati, ecc.$9(Santa Sede).$gItalia,$811 feb. 1929.$0(OLS)http://pul/name/26935 830 0$aTesti per esercitazioni (Università degli studi di Camerino. Istituto giuridico).$nSezione XV ;$v3.$0(OLS)http://pul/title/11858 850 $aPUL 852 $aPUL$W1$xDP2 Diritto Canonico 1$y64$m147 D 41$j48036$nBK-PRI$qStampati$B48036$CPULBib$Z2$F48036 $82 852 $aPUL$W1$xDP1 Fondo Ciprotti$y59$m1543 C 23$j48037$nBK-PRI$b $qFondi$B48037$CPULBib$Z2$F48037 $H $81 852 $aPUL$W1$xDP1 Fondo Ciprotti$y59$m1550 E 59$j48038$nBK-PRI$b $qFondi$B48038$CPULBib$Z2$F48038 $H $81 941 1 $a8 941 1 $a1 960 $aPatti lateranensi (1929)$91272 961 $aINV: 45212 961 $aINV: Fondo Ciprotti 996 $6245$aAtti della Commissione mista dei delegati della Santa Sede e del governo italiano per predisporre l'esecuzione del Concordato (11 aprile-25 novembre 1929) e altri documenti connessi$9(OLS)http://pul/title/48290 996 $6260$aMilano :$bGiuffrè$9(OLS)http://pul/publisher/48401